logo

Bir Sreshtho Munshi Abdur Rouf Library
Jhenaidah Cadet College

নাহ্জ আল-বালাঘা / (Record no. 12363)

MARC details
000 -LEADER
fixed length control field 01037nam a2200253 a 4500
001 - CONTROL NUMBER
JCCL Control Number 12363
003 - CONTROL NUMBER IDENTIFIER
JCCL marc code BD-JhCC
005 - DATE AND TIME OF LATEST TRANSACTION
control field 20211109094227.0
008 - FIXED-LENGTH DATA ELEMENTS--GENERAL INFORMATION
fixed length control field 211109s20002019bg |||| |||| 00| 0 ban d
020 ## - INTERNATIONAL STANDARD BOOK NUMBER
International Standard Book Number 9847035001104
035 ## - SYSTEM CONTROL NUMBER
system control number (BD-JhCC)12363
040 ## - CATALOGING SOURCE
Original cataloging agency BD-JhCC
Modifying agency BD-JhCC
041 ## - LANGUAGE CODE
Language code of Book Bangla
082 ## - DEWEY DECIMAL CLASSIFICATION NUMBER
Classification number 297.74
Author mark and Year ALI 2019
100 ## - MAIN ENTRY--PERSONAL NAME
Personal name আলি ইবনে আবি তালিব
245 ## - TITLE STATEMENT
Title নাহ্জ আল-বালাঘা /
Statement of responsibility, etc আলি ইবনে আবি তালিব, সঙ্কলনে আশ-শরীফ আর-রাজী, অনুবাদ জেহাদুল ইসলাম
260 ## - PUBLICATION, DISTRIBUTION, ETC. (IMPRINT)
Place of publication, distribution, etc ঢাকা :
Name of publisher, distributor, etc র‌্যামন পাবলিশার্স,
Date of publication, distribution, etc ২০১৯।
300 ## - PHYSICAL DESCRIPTION
Pagination ৪৮০ পৃ. :
Dimensions ২২ সেমি.
504 ## - BIBLIOGRAPHY, ETC. NOTE
Bibliography, etc গ্রন্থপঞ্জি অর্ন্তভূক্ত।
650 ## - SUBJECT ADDED ENTRY--TOPICAL TERM
Topical term or geographic name as entry element Dawah (islam)
700 ## - ADDED ENTRY--PERSONAL NAME
Personal name আর-রাজী, আশ-শরীফ
700 ## - ADDED ENTRY--PERSONAL NAME
Personal name ইসলাম, জেহাদুল
942 ## - ADDED ENTRY ELEMENTS (KOHA)
Source of classification or shelving scheme Dewey Decimal Classification
Koha item type Books
Holdings
Source of classification or shelving scheme Damaged status Not for loan Home library Current library Shelving location Date of accession Cost, normal purchase price Total Checkouts Full call number Barcode Date last seen Copy number Koha item type
Dewey Decimal Classification     JCC Rouf Library JCC Rouf Library General Stacks 06/14/2021 525.00   297.74 ALI 2019 16943 11/09/2021 C-1 Books

JCC Library | Contacts | JCC Home

Last Update on 23 September 2017
Copyright @ 2017-2020 JCC Rouf Library
Rouf Library, Jhenidah Cadet College (JCC), Bangladesh